EU Countries in EU Languages - Statistics

General Stats
  • This quiz has been taken 610 times
  • The average score is 138 of 336
Answer Stats
Country Code Language Name % Correct
AUT English | Italian (italiano) | Spanish (español) Austria
93%
AUT Portuguese (português) Áustria
93%
FRA English | French (français) | Local language France
93%
FIN Local language Suomi / Finland
93%
FIN Danish (dansk) | Dutch (nederlands) | English | Swedish (svenska) Finland
91%
BEL English Belgium
90%
DNK English Denmark
90%
EST English | Italian (italiano) | Spanish (español) Estonia
90%
EST Portuguese (português) Estónia
90%
CYP Dutch (nederlands) | English Cyprus
89%
LVA English | Finnish (suomi) Latvia
89%
ESP English Spain
89%
BGR English | Finnish (suomi) | Italian (italiano) | Spanish (español) Bulgaria
88%
BGR Portuguese (português) Bulgária
88%
HUN English Hungary
88%
ITA English Italy
88%
LUX Danish (dansk) | English | French (français) | Local language Luxembourg
88%
ROU Local language România
88%
ROU English | Finnish (suomi) | Italian (italiano) Romania
88%
CZE English Czech Republic
87%
IRL English Ireland
87%
LTU English Lithuania
87%
MLT Greek (ελληνικά) Μάλτα (Μάlta)
87%
MLT Danish (dansk) | Dutch (nederlands) | English | +7 others Malta
87%
SWE English Sweden
87%
DEU English Germany
86%
NLD English Netherlands
86%
POL English Poland
86%
SVK English | Finnish (suomi) Slovakia
86%
GRC English Greece
84%
PRT Danish (dansk) | Dutch (nederlands) | English | +6 others Portugal
84%
SVN English | Finnish (suomi) | Italian (italiano) Slovenia
83%
ESP Local language | Spanish (español) España
81%
ITA Finnish (suomi) | Italian (italiano) | Local language | Spanish (español) Italia
81%
ITA Portuguese (português) Itália
81%
ITA Greek (ελληνικά) Ιταλία (Ιtalίa)
81%
DEU German (deutsch) | Local language Deutschland
78%
BEL Local language België / Belgique / Belgien
76%
HRV English Croatia
76%
GBR English | Local language United Kingdom
75%
AUT German (deutsch) | Local language Österreich
70%
NLD Dutch (nederlands) | Local language Nederland
68%
ITA Dutch (nederlands) Italië
67%
ITA French (français) Italie
67%
IRL Danish (dansk) | German (deutsch) | Swedish (svenska) Irland
65%
BEL Dutch (nederlands) België
63%
BEL French (français) Belgique
58%
BGR French (français) Bulgarie
58%
POL Local language Polska
58%
IRL Local language Éire
57%
FIN Finnish (suomi) Suomi
56%
LUX Dutch (nederlands) | Finnish (suomi) | German (deutsch) | Swedish (svenska) Luxemburg
54%
DEU French (français) Allemagne
51%
DNK Danish (dansk) | Local language | Swedish (svenska) Danmark
51%
MLT French (français) Malte
50%
HRV Local language Hrvatska
49%
SVN Dutch (nederlands) Slovenië
49%
SVN French (français) Slovénie
49%
BEL Danish (dansk) | German (deutsch) | Swedish (svenska) Belgien
48%
ESP French (français) Espagne
47%
FRA Italian (italiano) | Spanish (español) Francia
46%
ITA Danish (dansk) | German (deutsch) | Swedish (svenska) Italien
45%
SWE Danish (dansk) | Local language | Swedish (svenska) Sverige
45%
FRA German (deutsch) Frankreich
44%
EST French (français) Estonie
42%
DNK French (français) Danemark
41%
DNK German (deutsch) Dänemark
41%
POL Danish (dansk) | Dutch (nederlands) | German (deutsch) | Swedish (svenska) Polen
41%
ESP Danish (dansk) | German (deutsch) | Swedish (svenska) Spanien
41%
FIN Italian (italiano) | Spanish (español) Finlandia
40%
FIN Portuguese (português) Finlândia
40%
EST Local language Eesti
39%
GRC Italian (italiano) | Spanish (español) Grecia
39%
GRC Portuguese (português) Grécia
39%
POL Greek (ελληνικά) Πολωνία (Polōnίa)
39%
POL Italian (italiano) | Spanish (español) Polonia
39%
POL Portuguese (português) Polónia
39%
DEU Spanish (español) Alemania
38%
BGR Danish (dansk) | German (deutsch) | Swedish (svenska) Bulgarien
38%
HRV French (français) Croatie
37%
IRL French (français) Irlande
37%
EST Danish (dansk) | Dutch (nederlands) | German (deutsch) | Swedish (svenska) Estland
36%
FIN French (français) Finlande
34%
GRC French (français) Grèce
34%
HRV Dutch (nederlands) Kroatië
34%
LTU Italian (italiano) | Spanish (español) Lituania
34%
LTU Portuguese (português) Lituânia
34%
NLD French (français) Pays-Bas
34%
SWE French (français) Suède
34%
AUT French (français) Autriche
32%
NLD Danish (dansk) Holland
31%
HRV Danish (dansk) | German (deutsch) | Swedish (svenska) Kroatien
31%
ROU French (français) Roumanie
31%
GRC German (deutsch) Griechenland
30%
POL French (français) Pologne
30%
ROU German (deutsch) | Swedish (svenska) Rumänien
30%
HUN Danish (dansk) | German (deutsch) Ungarn
30%
FRA Portuguese (português) França
29%
IRL Italian (italiano) | Portuguese (português) | Spanish (español) Irlanda
29%
LTU French (français) Lituanie
29%
NLD German (deutsch) Niederlande
29%
BEL Portuguese (português) | Spanish (español) Bélgica
28%
GBR French (français) Royaume-Uni
28%
SWE German (deutsch) Schweden
28%
FIN German (deutsch) Finnland
27%
DEU Greek (ελληνικά) Γερμανία (Germanίa)
27%
DEU Italian (italiano) Germania
27%
LTU Local language Lietuva
26%
LTU Danish (dansk) | German (deutsch) | Swedish (svenska) Litauen
26%
ROU Spanish (español) Rumania
26%
SVK Local language Slovensko
26%
BEL Finnish (suomi) Belgia
25%
HUN French (français) Hongrie
25%
CYP Finnish (suomi) Kypros
25%
LVA German (deutsch) | Swedish (svenska) Lettland
25%
LVA French (français) Lettonie
25%
GRC Greek (ελληνικά) | Local language Ελλάδα (Εllάda)
25%
HUN Local language Magyarország
25%
SVK French (français) Slovaquie
25%
SWE Portuguese (português) Suécia
25%
SWE Spanish (español) Suecia
25%
CYP French (français) Chypre
24%
DNK Portuguese (português) | Spanish (español) Dinamarca
24%
HRV Portuguese (português) Croácia
23%
HRV Spanish (español) Croacia
23%
SVN Local language Slovenija
23%
LVA Local language Latvija
22%
LVA Greek (ελληνικά) Λετονία (Letonίa)
22%
LVA Portuguese (português) Letônia
22%
LVA Spanish (español) Letonia
22%
LUX Portuguese (português) | Spanish (español) Luxemburgo
22%
GBR Portuguese (português) | Spanish (español) Reino Unido
22%
IRL Greek (ελληνικά) Ιρλανδία (Ιrlandίa)
22%
SVN Danish (dansk) | Swedish (svenska) Slovenien
22%
CZE Local language Česká republika
21%
SVK Portuguese (português) Eslováquia
21%
SVK Spanish (español) Eslovaquia
21%
SVN Portuguese (português) Eslovénia
21%
SVN Spanish (español) Eslovenia
21%
SVK German (deutsch) Slowakei
21%
CZE German (deutsch) Tschechien
21%
CZE French (français) République tchèque
20%
SVN German (deutsch) Slowenien
20%
CYP German (deutsch) Zypern
20%
CYP Portuguese (português) | Spanish (español) Chipre
19%
NLD Spanish (español) Países Bajos
19%
CZE Portuguese (português) | Spanish (español) República Checa
19%
SVK Swedish (svenska) Slovakien
19%
DEU Danish (dansk) | Swedish (svenska) Tyskland
19%
DEU Dutch (nederlands) Duitsland
18%
FRA Dutch (nederlands) Frankrijk
18%
HUN Portuguese (português) Hungria
18%
HUN Spanish (español) Hungría
18%
PRT Finnish (suomi) Portugali
18%
ESP Italian (italiano) Spagna
18%
HRV Greek (ελληνικά) Κροατία (Kroatίa)
17%
HRV Finnish (suomi) Kroatia
17%
LVA Danish (dansk) | Dutch (nederlands) Letland
17%
LVA Italian (italiano) Lettonia
16%
ESP Portuguese (português) Espanha
15%
ESP Dutch (nederlands) Spanje
15%
CYP Italian (italiano) Cipro
14%
AUT Dutch (nederlands) Oostenrijk
14%
DEU Finnish (suomi) Saksa
14%
GBR German (deutsch) Vereinigtes Königreich
14%
DEU Portuguese (português) Alemanha
13%
BGR Dutch (nederlands) Bulgarije
13%
NLD Italian (italiano) Paesi Bassi
13%
SWE Dutch (nederlands) Zweden
13%
HRV Italian (italiano) Croazia
12%
GRC Dutch (nederlands) Griekenland
12%
IRL Dutch (nederlands) Ierland
12%
SWE Finnish (suomi) Ruotsi
12%
SVK Dutch (nederlands) Slowakije
12%
BEL Italian (italiano) Belgio
11%
DNK Italian (italiano) Danimarca
11%
DNK Dutch (nederlands) Denemarken
11%
HUN Dutch (nederlands) Hongarije
11%
AUT Finnish (suomi) Itävalta
11%
BEL Greek (ελληνικά) Βέλγιο (Βέlgio)
11%
LUX Italian (italiano) Lussemburgo
11%
PRT Italian (italiano) Portogallo
11%
CYP Danish (dansk) | Swedish (svenska) Cypern
10%
DNK Greek (ελληνικά) Δανία (Danίa)
10%
FRA Swedish (svenska) Frankrike
10%
LTU Dutch (nederlands) Litouwen
10%
FRA Finnish (suomi) Ranska
10%
ROU Portuguese (português) Roménia
10%
DNK Finnish (suomi) Tanska
10%
CZE Dutch (nederlands) Tsjechië
10%
HUN Italian (italiano) Ungheria
10%
ESP Finnish (suomi) Espanja
9%
AUT Swedish (svenska) Österrike
9%
NLD Portuguese (português) Países Baixos
9%
POL Finnish (suomi) Puola
9%
CZE Italian (italiano) Repubblica Ceca
9%
ROU Dutch (nederlands) Roemenië
9%
SVK Italian (italiano) Slovacchia
9%
ESP Greek (ελληνικά) Ισπανία (Ιspanίa)
9%
SWE Italian (italiano) Svezia
9%
CZE Finnish (suomi) Tšekki
9%
EST Finnish (suomi) Viro
9%
GRC Swedish (svenska) Grekland
8%
IRL Finnish (suomi) Irlanti
8%
AUT Danish (dansk) Østrig
8%
HUN Finnish (suomi) Unkari
8%
NLD Finnish (suomi) Alankomaat
7%
BGR Local language България (Bălgarija)
7%
FRA Danish (dansk) Frankrig
7%
CYP Greek (ελληνικά) | Local language Κύπρος (Kύproς)
7%
LTU Finnish (suomi) Liettua
7%
GBR Italian (italiano) Regno Unito
7%
CZE Swedish (svenska) Tjeckien
7%
HUN Swedish (svenska) Ungern
7%
FRA Greek (ελληνικά) Γαλλία (Gallίa)
6%
GRC Finnish (suomi) Kreikka
6%
NLD Swedish (svenska) Nederländerna
6%
GBR Danish (dansk) | Swedish (svenska) Storbritannien
6%
GBR Dutch (nederlands) Verenigd Koninkrijk
6%
GRC Danish (dansk) Grækenland
4%
NLD Greek (ελληνικά) Ολλανδία (Οllandίa)
4%
PRT Greek (ελληνικά) Πορτογαλία (Portogalίa)
4%
ROU Danish (dansk) Rumænien
4%
SVK Danish (dansk) Slovakiet
4%
EST Greek (ελληνικά) Εσθονία (Εsthonίa)
4%
CZE Danish (dansk) Tjekkiet
4%
GBR Finnish (suomi) Yhdistynyt kuningaskunta
4%
LTU Greek (ελληνικά) Λιθουανία (Lithoyanίa)
3%
CZE Greek (ελληνικά) Τσεχία (Τsechίa)
3%
SVN Greek (ελληνικά) Σλοβενία (Slobenίa)
3%
LUX Greek (ελληνικά) Λουξεμβούργο (Loyxemboύrgo)
2%
BGR Greek (ελληνικά) Βουλγαρία (Βoylgarίa)
2%
FIN Greek (ελληνικά) Φινλανδία (Phinlandίa)
2%
ROU Greek (ελληνικά) Ρουμανία (Roymanίa)
2%
SVK Greek (ελληνικά) Σλοβακία (Slobakίa)
2%
SWE Greek (ελληνικά) Σουηδία (Soyēdίa)
2%
HUN Greek (ελληνικά) Ουγγαρία (Οyggarίa)
2%
AUT Greek (ελληνικά) Αυστρία (Αystrίa)
2%
GBR Greek (ελληνικά) Ηνωμένο Βασίλειο (Ēnōmέno Βasίleio)
1%
No matching quizzes found
Score Distribution
Percent of People with Each Score
Percentile by Number Answered
Your Score History
You have not taken this quiz